<?xml version="1.0" encoding="UTF-8"?>
<record
    xmlns:xsi="http://www.w3.org/2001/XMLSchema-instance"
    xsi:schemaLocation="http://www.loc.gov/MARC21/slim http://www.loc.gov/standards/marcxml/schema/MARC21slim.xsd"
    xmlns="http://www.loc.gov/MARC21/slim">

  <leader>01607nam a22002537a 4500</leader>
  <datafield tag="999" ind1=" " ind2=" ">
    <subfield code="c">418</subfield>
    <subfield code="d">418</subfield>
  </datafield>
  <controlfield tag="003">OSt</controlfield>
  <controlfield tag="005">20190509201123.0</controlfield>
  <controlfield tag="008">160316b        xxu||||| |||| 00| 0 esp d</controlfield>
  <datafield tag="040" ind1=" " ind2=" ">
    <subfield code="c">DO-SdBHA</subfield>
    <subfield code="a">DO-SdBHA</subfield>
    <subfield code="b">spa</subfield>
  </datafield>
  <datafield tag="090" ind1=" " ind2=" ">
    <subfield code="a">TG EGEA</subfield>
    <subfield code="b">00367 2010</subfield>
  </datafield>
  <datafield tag="100" ind1="1" ind2=" ">
    <subfield code="a">Acevedo Canela, V&#xED;ctor W. </subfield>
    <subfield code="e">sustentante</subfield>
  </datafield>
  <datafield tag="245" ind1="1" ind2="0">
    <subfield code="a">An&#xE1;lisis de las causas de accidentes en paracaidismo y como minimizarlos 2000-2010 / </subfield>
    <subfield code="c">V&#xED;ctor W. Acevedo Canela; Silvio B. Manin Liberato, asesores Jos&#xE9; Antonio De los Santos S&#xE1;nchez,  Eddy Ceballos </subfield>
  </datafield>
  <datafield tag="260" ind1=" " ind2=" ">
    <subfield code="a">Santo Domingo Este :</subfield>
    <subfield code="b">INSUDE, </subfield>
    <subfield code="c">2010</subfield>
  </datafield>
  <datafield tag="300" ind1=" " ind2=" ">
    <subfield code="a">v, 84 hojas, ilustraciones</subfield>
  </datafield>
  <datafield tag="502" ind1=" " ind2=" ">
    <subfield code="a">Trabajo de grado (Diplomado del Curso de Comando y Estado Mayor A&#xE9;reo). -- Instituto Superior para la Defensa (INSUDE). Escuela de Graduados de Estudios Aeron&#xE1;uticos, 2010.</subfield>
  </datafield>
  <datafield tag="504" ind1=" " ind2=" ">
    <subfield code="a">Incluye referencias bibliogr&#xE1;ficas e &#xED;ndices</subfield>
  </datafield>
  <datafield tag="505" ind1=" " ind2=" ">
    <subfield code="a">El Paracaidismo: Factores de riesgos y medidas de prevenci&#xF3;n  contra accidentes. -- Paracaidismo: Accidentes mas frecuentes y formas de evitarlos. -- Diagn&#xF3;stico del proceso de capacitaci&#xF3;n de paracaidistas en la Fuerzas A&#xE9;rea Dominicana. -- Comando de Fuerzas Especiales FAD: Propuesta de mejoras para la prevenci&#xF3;n de accidentes y minimizaci&#xF3;n de riesgos
</subfield>
  </datafield>
  <datafield tag="650" ind1=" " ind2="4">
    <subfield code="a">Accidentes A&#xE9;reos -- Paracaidismo -- Causa y prevenci&#xF3;n, 2000-2010</subfield>
  </datafield>
  <datafield tag="700" ind1="1" ind2=" ">
    <subfield code="a">Manin Liberato, Silvio B. </subfield>
    <subfield code="e">sustentante</subfield>
  </datafield>
  <datafield tag="700" ind1="1" ind2=" ">
    <subfield code="a">De los Santos S&#xE1;nchez, Jos&#xE9; Antonio</subfield>
    <subfield code="e">asesor</subfield>
  </datafield>
  <datafield tag="700" ind1=" " ind2=" ">
    <subfield code="a">Ceballos,  Eddy</subfield>
    <subfield code="e">asesor</subfield>
  </datafield>
  <datafield tag="830" ind1=" " ind2=" ">
    <subfield code="a">INSUDE. Escuela de Graduados de Estudios Aeron&#xE1;uticos. Tesis y disertaciones acad&#xE9;micas</subfield>
  </datafield>
  <datafield tag="942" ind1=" " ind2=" ">
    <subfield code="2">CL</subfield>
    <subfield code="c">T</subfield>
  </datafield>
  <datafield tag="952" ind1=" " ind2=" ">
    <subfield code="0">0</subfield>
    <subfield code="1">0</subfield>
    <subfield code="2">CL</subfield>
    <subfield code="4">0</subfield>
    <subfield code="7">1</subfield>
    <subfield code="8">TG</subfield>
    <subfield code="a">BJHA</subfield>
    <subfield code="b">BJHA</subfield>
    <subfield code="d">2016-03-16</subfield>
    <subfield code="i">10-00367</subfield>
    <subfield code="l">0</subfield>
    <subfield code="o">TG EGEA 00367 2010</subfield>
    <subfield code="p">10-00367</subfield>
    <subfield code="r">2018-10-06 00:00:00</subfield>
    <subfield code="t">e.1</subfield>
    <subfield code="w">2016-03-16</subfield>
    <subfield code="y">T</subfield>
  </datafield>
  <datafield tag="952" ind1=" " ind2=" ">
    <subfield code="0">0</subfield>
    <subfield code="1">0</subfield>
    <subfield code="2">ddc</subfield>
    <subfield code="4">0</subfield>
    <subfield code="7">0</subfield>
    <subfield code="8">CG</subfield>
    <subfield code="a">BEGCEMA</subfield>
    <subfield code="b">BEGCEMA</subfield>
    <subfield code="d">2019-09-02</subfield>
    <subfield code="i">2000015 IMESA </subfield>
    <subfield code="l">0</subfield>
    <subfield code="o">TG EGEA 00367 2010</subfield>
    <subfield code="p">2000015 IMESA </subfield>
    <subfield code="r">2019-09-02 00:00:00</subfield>
    <subfield code="t">EJ.1 </subfield>
    <subfield code="w">2019-09-02</subfield>
    <subfield code="y">T</subfield>
  </datafield>
</record>
